000
00261nam a22000977a 4500
999
_c
11163
_d
11163
008
180927b ||||| |||| 00| 0 eng d
020
_a
9788182966772
100
_a
CBSE
_9
6925
245
_a
Mentor in English Core XII
_b
CBSE Syllabus
260
_a
New Delhi
_b
CBSE
_c
2018